Neviditeľný košický hotel je svetový unikát

The Invisible Hotel vytvorila organizácia Creative Industry Košice, ktorá tak pomáha zviditeľniť hodnotu mesta a podporuje lokálnu ekonomiku. Inovatívna koncepcia neviditeľného hotela. Benefity pre domovský hotel aj pre spoločnosť. Každá izba je originál. Uvítací balíček, ktorý podporuje lokálnych v...

Descrizione completa

Salvato in:
Dettagli Bibliografici
Autore principale: Hricková, Yka
Natura: Capitolo di libro
Lingua:slovacco
Soggetti:
Tags: Aggiungi Tag
Nessun Tag, puoi essere il primo ad aggiungerne!!

MARC

LEADER 00000naa a2200000 4500
001 0247890
005 20180925145700.1
041 0 |a slo 
044 |a SK 
245 1 0 |a Neviditeľný košický hotel je svetový unikát  |c Yka Hricková 
520 |a The Invisible Hotel vytvorila organizácia Creative Industry Košice, ktorá tak pomáha zviditeľniť hodnotu mesta a podporuje lokálnu ekonomiku. Inovatívna koncepcia neviditeľného hotela. Benefity pre domovský hotel aj pre spoločnosť. Každá izba je originál. Uvítací balíček, ktorý podporuje lokálnych výrobcov. The Invisivble Hotel určený pre cestovateľov, ktorí hľadajú iný spôsob, ako spoznať nové mestá. Plánovaná spolupráca so zahraničnými mestami. 
610 2 0 |a hotelierstvo 
610 2 0 |a hotely 
610 2 0 |a ruch cestovný 
610 2 0 |a kreativita 
610 2 0 |a inovácia 
610 2 0 |a podnikanie 
100 1 |a Hricková, Yka